00559nam a22001817a 450000500170000001000150001702000260003203500140005803700130007208200180008510000210010324500760012426000440020027000770024430000230032170000160034470000170036020200304110709.0 aENG-127966 a9789386446589c850.00 aEN-111498 bDBAD/PUB a327.540090512 aChowdhary,Reeta  aModi's foreign policy/cby Reeta Chowdhary,Tremblay, [and] Ashok Kapur aNew DelhibSage Publication Indiac2017 aB1/1-1 Mohan Cooperative Industrial Area Mathura RoadbNew Delhie110044 axi;256p.c24cm(hb) a Tremblay,  aKapur, Ashok